| 000 | 00935nam a22002657a 4500 | ||
|---|---|---|---|
| 001 | BRCA_9355 | ||
| 003 | FranzMayer | ||
| 005 | 20230918122308.0 | ||
| 008 | 230828b |||||||| |||| 00| 0 eng d | ||
| 020 | _a9786074778465 | ||
| 040 |
_aMFM _besp _cMFM |
||
| 050 | 0 |
_aNC1000 _bA58 2012 |
|
| 110 | 1 |
_4Responsable _aAntologías _929318 |
|
| 240 |
_aDiseño, arte, cultura y tecnología _lEspañol |
||
| 245 | 0 | _aDiseño, arte, cultura y tecnología | |
| 260 |
_aMéxico _bUAM _c2012 |
||
| 300 |
_a295 P _bIlustraciones _c21 cm |
||
| 500 | _aAnexo 1 | ||
| 500 | _aCon dedicatoria en la primer hoja | ||
| 505 | _aTexto en: españolIncluye índice temáticoIncluye bibliografíaDirigido a: diseñadoras, artistas | ||
| 650 | 1 |
_2Diseño _aArtes decorativas _vTecnología _929319 |
|
| 651 |
_2Diseño en la vida diaria _aCultura _vAvances tecnológicos _929320 |
||
| 700 | 1 |
_4Comp. _aSimón Sol, Gabriel _929321 |
|
| 942 |
_2lcc _cB |
||
| 999 |
_c10977 _d10977 |
||